01735nam a2200457 i 450000100060000000300080000600500170001400600190003100700150005000800410006502000180010602000270012403500230015103500240017403500250019803500210022304000310024405000200027508000080029508200120030310000380031524501190035326400430047230000410051533600310055633700330058733800430062050000230066350000680068650400290075458801230078359001590090665000150106565000190108065000290109965000240112865500270115279700190117985600620119899900170126041393FlNmELB20241216221945.0m o d | cr cnu||||||||160521s2015 sp ob 001 0 spa d z9788468156361 a9788468163604 (e-book) a(MiAaPQ)EBC4422011 a(Au-PeEL)EBL4422011 a(CaPaEBR)ebr11162146 a(OCoLC)984774657 aFINmELBbspaerdacFINmELB 4aQA76bV161 2015 a0040 a0042231 aValentín López, Gema María.10aManual aplicaciones informáticas de hojas de cálculo (Transversal: UF0321) /cGema María Valentín López. 1aMadrid :bEditorial CEP, S.L.,c[2015] a1 recurso en línea (159 páginas) atextobtxt2rdacontent/spa acomputadorabc2rdamedia/spa arecurso en líneabcr2rdacarrier/spa aContiene índice. aCertificado de profesionalidad, Módulo transversal--Cubierta. aContiene bibliografía. aDescripción basada en recurso en línea; Título de la página del título en PDF (e-libro, visto May 21, 2016). aRecurso electronico. Santa Fe, Arg. : e-libro, 2016. Disponible via World Wide Web. El acceso puede ser limitado para las bibliotecas afiliadas a e-libro. 0aComputers. 4aInformática. 0aElectronic spreadsheets. 4aHojas de cálculo. 4aLibros electrónicos.2 ae-libro, Corp.40uhttps://elibro.net/ereader/politecnicointernacional/51009 c41393d41393